Geography G - Statistics

General Stats
  • This quiz has been taken 118 times
    39 since last reset
  • The average score is 8 of 10
Answer Stats
Hint Answer % Correct
Largest island Greenland
100%
Most populated country in Europe with the exception of Russia Germany
94%
2nd longest bridge inSan Francisco Golden Gate Bridge
94%
Longest river in India Ganges
92%
The most famous canyonin the US Grand Canyon
86%
British territory that liesAt the western entrance to the Mediterranean Sea Gibraltar
83%
Which island has England,Scotland, and Wales Great Britain
83%
Mongol-China desert Gobi Desert
72%
Accra is the capital Ghana
64%
Ecuador archipelago Galápagos Islands
61%
No matching quizzes found
Score Distribution
Percent of People with Each Score
Percentile by Number Answered
Your Score History
You have not taken this quiz since the last reset